<?xml version='1.0' encoding='UTF-8'?><?xml-stylesheet href='static/style.xsl' type='text/xsl'?><OAI-PMH xmlns="http://www.openarchives.org/OAI/2.0/" xmlns:xsi="http://www.w3.org/2001/XMLSchema-instance" xsi:schemaLocation="http://www.openarchives.org/OAI/2.0/ http://www.openarchives.org/OAI/2.0/OAI-PMH.xsd"><responseDate>2026-07-03T17:21:03Z</responseDate><request verb="GetRecord" identifier="oai:ebiltegia.mondragon.edu:20.500.11984/14583" metadataPrefix="marc">https://ebiltegia.mondragon.edu/oai/request</request><GetRecord><record><header><identifier>oai:ebiltegia.mondragon.edu:20.500.11984/14583</identifier><datestamp>2026-06-18T06:15:56Z</datestamp><setSpec>com_20.500.11984_473</setSpec><setSpec>com_20.500.11984_14090</setSpec><setSpec>col_20.500.11984_477</setSpec></header><metadata><record xmlns="http://www.loc.gov/MARC21/slim" xmlns:dcterms="http://purl.org/dc/terms/" xmlns:xsi="http://www.w3.org/2001/XMLSchema-instance" xmlns:doc="http://www.lyncode.com/xoai" xsi:schemaLocation="http://www.loc.gov/MARC21/slim http://www.loc.gov/standards/marcxml/schema/MARC21slim.xsd">
   <leader>00925njm 22002777a 4500</leader>
   <datafield ind2=" " ind1=" " tag="042">
      <subfield code="a">dc</subfield>
   </datafield>
   <datafield ind2=" " ind1=" " tag="720">
      <subfield code="a">Garcia-Diaz, Diego</subfield>
      <subfield code="e">author</subfield>
   </datafield>
   <datafield ind2=" " ind1=" " tag="720">
      <subfield code="a">Campion, Javier</subfield>
      <subfield code="e">author</subfield>
   </datafield>
   <datafield ind2=" " ind1=" " tag="720">
      <subfield code="a">Milagro, Fermin I.</subfield>
      <subfield code="e">author</subfield>
   </datafield>
   <datafield ind2=" " ind1=" " tag="720">
      <subfield code="a">Martínez, José A.</subfield>
      <subfield code="e">author</subfield>
   </datafield>
   <datafield ind2=" " ind1=" " tag="260">
      <subfield code="c">2007</subfield>
   </datafield>
   <datafield ind2=" " ind1=" " tag="520">
      <subfield code="a">It has been reported that apelin functions as an&#xd;
adipokine, which has been associated to obesity and insulin&#xd;
resistance. The objective of this study was to analyze the&#xd;
apelin mRNA expression in white adipose tissue (WAT)&#xd;
from high-fat (Cafeteria) fed rats, in order to examine&#xd;
potential relationships with obesity markers and other re&#xd;
lated risk factors. Animals fed on the high-fat diet during&#xd;
56 days increased their body weight, total body fat and&#xd;
WAT depots weights when compared to controls. Apelin&#xd;
subcutaneous mRNA expression was higher in the Cafe&#xd;
teria than in the Control fed group and this increase was&#xd;
partially reversed by dietary vitamin C supplementation.&#xd;
Statistically significant associations between subcutaneous&#xd;
apelin gene expression and almost all the studied variables&#xd;
were identified, being of special interest the correlations&#xd;
found with serum leptin (r = 0.517), liver malondialdehyde&#xd;
(MDA) levels (r = 0.477), and leptin, IRS-3 and IL-1ra&#xd;
retroperitoneal mRNA expression (r = 0.701; r = 0.692&#xd;
and r = 0.561, respectively). These associations evidence a&#xd;
possible role for apelin in the excessive weight gain in&#xd;
duced by high-fat feeding and increased adiposity, insulin&#xd;
resistance, liver oxidative stress and inflammation.</subfield>
   </datafield>
   <datafield ind1="8" ind2=" " tag="024">
      <subfield code="a">0300-8177</subfield>
   </datafield>
   <datafield ind1="8" ind2=" " tag="024">
      <subfield code="a">https://hdl.handle.net/20.500.11984/14583</subfield>
   </datafield>
   <datafield tag="653" ind2=" " ind1=" ">
      <subfield code="a">APJ ligand</subfield>
   </datafield>
   <datafield tag="653" ind2=" " ind1=" ">
      <subfield code="a">Cafeteria diet</subfield>
   </datafield>
   <datafield tag="653" ind2=" " ind1=" ">
      <subfield code="a">Ascorbic acid</subfield>
   </datafield>
   <datafield tag="653" ind2=" " ind1=" ">
      <subfield code="a">Oxidative stress</subfield>
   </datafield>
   <datafield tag="653" ind2=" " ind1=" ">
      <subfield code="a">Inflammation</subfield>
   </datafield>
   <datafield tag="653" ind2=" " ind1=" ">
      <subfield code="a">Insulin resistance</subfield>
   </datafield>
   <datafield ind2="0" ind1="0" tag="245">
      <subfield code="a">Adiposity dependent apelin gene expression: relationships with oxidative and inflammation markers</subfield>
   </datafield>
</record></metadata></record></GetRecord></OAI-PMH>